logo

Bir Sreshtho Munshi Abdur Rouf Library
Jhenaidah Cadet College

বাড়ি নিয়ে বাড়াবাড়ি / (Record no. 4638)

MARC details
000 -LEADER
fixed length control field 00512nam a2200205 a 4500
001 - CONTROL NUMBER
JCCL Control Number 4638
003 - CONTROL NUMBER IDENTIFIER
JCCL marc code BD-JhCC
005 - DATE AND TIME OF LATEST TRANSACTION
control field 20171130100846.0
008 - FIXED-LENGTH DATA ELEMENTS--GENERAL INFORMATION
fixed length control field 171129b a|||| || | 000 0 d
035 ## - SYSTEM CONTROL NUMBER
system control number (BD-JhCC)4638
040 ## - CATALOGING SOURCE
Original cataloging agency BD-JhCC
Modifying agency BD-JhCC
041 ## - LANGUAGE CODE
Language code of Book ben
082 ## - DEWEY DECIMAL CLASSIFICATION NUMBER
Classification number 891.442
Author mark and Year BAR
245 ## - TITLE STATEMENT
Title বাড়ি নিয়ে বাড়াবাড়ি /
260 ## - PUBLICATION, DISTRIBUTION, ETC. (IMPRINT)
Place of publication, distribution, etc bangladesh :
300 ## - PHYSICAL DESCRIPTION
Pagination 111 p. :
Other physical details ill. ;
Dimensions 16 cm.
650 ## - SUBJECT ADDED ENTRY--TOPICAL TERM
Topical term or geographic name as entry element bengali Drama
942 ## - ADDED ENTRY ELEMENTS (KOHA)
Source of classification or shelving scheme Dewey Decimal Classification
Koha item type Books
Holdings
Source of classification or shelving scheme Damaged status Not for loan Home library Current library Shelving location Date of accession Total Checkouts Full call number Barcode Date last seen Copy number Koha item type
Dewey Decimal Classification     JCC Rouf Library JCC Rouf Library General Stacks 11/29/2017   891.442 BAR 6150 11/29/2017 C-1 Books

JCC Library | Contacts | JCC Home

Last Update on 23 September 2017
Copyright @ 2017-2020 JCC Rouf Library
Rouf Library, Jhenidah Cadet College (JCC), Bangladesh